[Event "ESP-ch U18"]
[Site "Salobrena"]
[Date "2019.07.27"]
[Round "9"]
[White "Gillis Onieva, Celia"]
[Black "Clemente Chen, Alfredo"]
[Result "1-0"]
[WhiteElo "1943"]
[BlackElo "1694"]
[PlyCount "107"]
[EventDate "2019.07.22"]
[EventType "swiss"]
[EventRounds "9"]
[EventCountry "ESP"]
[SourceTitle "CBM 191 Extra"]
[Source "ChessBase"]
[SourceDate "2019.09.30"]
[SourceVersion "1"]
[SourceVersionDate "2019.09.30"]
[SourceQuality "1"]

1. Nf3 Nf6 2. c4 c5 3. Nc3 Nc6 4. e3 e6 5. d4 cxd4 6. exd4 d5 7. Bg5 dxc4 8. Bxc4 Be7 9. 0-0 0-0 10. Re1 Nd5 11. Bxe7 Ncxe7 12. Ne4 a6 13. Qd2 Nf5 14. Rad1 Nd6 15. Bd3 b6 16. Ng3 h6 17. Bb1 Bb7 18. Qd3 Nf6 19. Ne5 Rc8 20. Nh5 Nde4 21. f3 Nxh5 22. fxe4 Nf6 23. Nf3 g6 24. Qd2 Kg7 25. Re3 Ng4 26. Rc3 Rxc3 27. Qxc3 Qc8 28. Rc1 Qxc3 29. Rxc3 Rc8 30. Rxc8 Bxc8 31. h3 Nf6 32. Kf2 Bb7 33. Ke3 Ne8 34. Ne5 Nd6 35. Nd7 Nc4+ 36. Ke2 Bc6 37. b3 Na3 38. Ne5 Bb5+ 39. Bd3 Nc2 40. Bxb5 Nxd4+ 41. Kd3 Nxb5 42. Nd7 f6 43. Nxb6 Kf7 44. a4 Nd6 45. b4 e5 46. Nd5 f5 47. exf5 gxf5 48. Nc7 e4+ 49. Ke2 f4 50. Nxa6 Nf5 51. b5 Nd4+ 52. Ke1 e3 53. b6 Nc2+ 54. Kf1 1-0

[Event "Gibraltar Challengers op-B"]
[Site "Caleta"]
[Date "2019.01.26"]
[Round "1"]
[White "Berrocal Ruiz, Valentin"]
[Black "Gillis Onieva, Celia"]
[Result "1-0"]
[WhiteElo "2127"]
[BlackElo "1930"]
[PlyCount "75"]
[EventDate "2019.01.26"]
[EventType "swiss"]
[EventRounds "5"]
[EventCountry "GGB"]
[SourceTitle "CBM 188 Extra"]
[Source "ChessBase"]
[SourceDate "2019.02.26"]
[SourceVersion "1"]
[SourceVersionDate "2019.02.26"]
[SourceQuality "1"]

1. d4 Nf6 2. Nf3 c5 3. e3 d5 4. Bd3 Nc6 5. 0-0 Bg4 6. c3 e6 7. Nbd2 Bd6 8. dxc5 Bxc5 9. e4 0-0 10. Qc2 Qc7 11. h3 Bh5 12. exd5 exd5 13. Nb3 Bb6 14. Nfd4 Rac8 15. Be3 Rfe8 16. Nb5 Qd8 17. Bxb6 axb6 18. Bf5 Ra8 19. N3d4 Ne7 20. a3 Nxf5 21. Qxf5 Bg6 22. Qf4 Re4 23. Qd6 h6 24. Qxd8+ Rxd8 25. f3 Re7 26. Rfe1 Rde8 27. Kf2 Nd7 28. Nc7 Rxe1 29. Rxe1 Rxe1 30. Kxe1 Nc5 31. Kd2 Nd3 32. b3 Nf4 33. g3 Nxh3 34. Nxd5 Ng5 35. Nxb6 Kf8 36. Nc8 Ke8 37. Nd6+ Kd7 38. Nxb7 1-0

[Event "Wch U18 Girls"]
[Site "Porto Carras"]
[Date "2018.10.28"]
[Round "9.19"]
[White "Gillis Onieva, Celia"]
[Black "Du, Yuxin"]
[Result "1-0"]
[WhiteElo "1892"]
[BlackElo "2011"]
[PlyCount "85"]
[EventDate "2018.10.20"]
[EventType "swiss"]
[EventRounds "11"]
[EventCountry "GRE"]
[SourceTitle "CBM 187 Extra"]
[Source "ChessBase"]
[SourceDate "2018.11.04"]
[SourceVersion "1"]
[SourceVersionDate "2018.11.04"]
[SourceQuality "1"]

1. d4 Nf6 2. c4 e6 3. g3 c5 4. d5 exd5 5. cxd5 b5 6. Nf3 d6 7. e4 Ba6 8. a4 Qa5+ 9. Nfd2 b4 10. Nc4 Qc7 11. Nbd2 Nbd7 12. Bg2 0-0-0 13. 0-0 h5 14. h4 Ne5 15. Qc2 g6 16. Rd1 Nfd7 17. Bf1 Bb7 18. a5 Kb8 19. a6 Ba8 20. Qa4 Bg7 21. Qb5+ Nb6 22. Nxe5 Bxe5 23. Nc4 Bd4 24. Bf4 f5 25. Rac1 fxe4 26. Rxd4 Rhf8 27. Rdd1 Rxf4 28. gxf4 Qe7 29. Nxb6 axb6 30. Qxb6+ Kc8 31. Bh3+ Rd7 32. Bxd7+ Qxd7 33. a7 Qg4+ 34. Kf1 Qh3+ 35. Ke1 Qh1+ 36. Kd2 Qf3 37. Qa6+ Kc7 38. Qe2 Qxf4+ 39. Qe3 Qxh4 40. Rg1 Qf6 41. Qxe4 Qxf2+ 42. Kd3 Qxb2 43. Rxg6 1-0

[Event "Wch U18 Girls"]
[Site "Porto Carras"]
[Date "2018.10.23"]
[Round "5"]
[White "Mocanu, Valeria"]
[Black "Gillis Onieva, Celia"]
[Result "1/2-1/2"]
[WhiteElo "1800"]
[BlackElo "1892"]
[PlyCount "119"]
[EventDate "2018.10.20"]
[EventType "swiss"]
[EventRounds "11"]
[EventCountry "GRE"]
[SourceTitle "CBM 187 Extra"]
[Source "ChessBase"]
[SourceDate "2018.11.04"]
[SourceVersion "1"]
[SourceVersionDate "2018.11.04"]
[SourceQuality "1"]

1. e4 c5 2. Nf3 Nc6 3. Bb5 g6 4. Bxc6 bxc6 5. 0-0 Bg7 6. Re1 Rb8 7. c3 Nf6 8. d4 cxd4 9. cxd4 0-0 10. Nc3 d6 11. h3 Nd7 12. Rb1 c5 13. Be3 Bb7 14. d5 Qa5 15. Qd2 Rfd8 16. Bh6 Ne5 17. Bxg7 Nxf3+ 18. gxf3 Kxg7 19. Kh2 Qc7 20. Rg1 e6 21. Rg4 exd5 22. exd5 Re8 23. Rh4 h5 24. Rg1 Re5 25. f4 Rf5 26. Rg5 Rxg5 27. fxg5 Re8 28. Ne4 Re5 29. Nf6 Qe7 30. Qc3 Kf8 31. Nh7+ Kg7 32. f4 Kxh7 33. fxe5 Qxg5 34. Re4 Bxd5 35. Re2 Qf4+ 36. Qg3 dxe5 37. Rxe5 Qd2+ 38. Kg1 Qc1+ 39. Qe1 Qxe1+ 40. Rxe1 Bxa2 41. Ra1 Be6 42. Rxa7 Kg7 43. h4 Kf6 44. Kf2 Ke5 45. Kg3 c4 46. Ra8 f6 47. Rh8 Bd5 48. Rf8 Be4 49. Re8+ Kf5 50. Rc8 Bd5 51. Rh8 Ke5 52. Rh6 Bf7 53. Rh7 Be6 54. Rh6 Bf5 55. Rh8 Bd3 56. Rb8 g5 57. Rb5+ Ke6 58. hxg5 fxg5 59. Rxg5 Be2 60. Ra5 1/2-1/2

[Event "Wch U18 Girls"]
[Site "Porto Carras"]
[Date "2018.10.22"]
[Round "4"]
[White "Gillis Onieva, Celia"]
[Black "Dimitrova, Aleksandra"]
[Result "0-1"]
[WhiteElo "1892"]
[BlackElo "2228"]
[PlyCount "56"]
[EventDate "2018.10.20"]
[EventType "swiss"]
[EventRounds "11"]
[EventCountry "GRE"]
[SourceTitle "CBM 187 Extra"]
[Source "ChessBase"]
[SourceDate "2018.11.04"]
[SourceVersion "1"]
[SourceVersionDate "2018.11.04"]
[SourceQuality "1"]

1. d4 Nf6 2. c4 e6 3. g3 d5 4. Nf3 dxc4 5. Bg2 Bd7 6. Ne5 Bc6 7. Nxc6 Nxc6 8. 0-0 Qd7 9. e3 0-0-0 10. Qa4 Nd5 11. Qxc4 h5 12. Nd2 h4 13. Nf3 hxg3 14. fxg3 f5 15. Bd2 Be7 16. Rfc1 Bf6 17. b4 g5 18. b5 Nce7 19. Rc2 Kb8 20. Rac1 Qe8 21. e4 fxe4 22. Nxg5 Nf5 23. Bxe4 Bxd4+ 24. Kh1 Nxg3+ 25. Kg2 Qh5 26. Bh7 Rxh7 27. Nxh7 Nf5 28. Re1 Qg4+ 0-1

[Event "Benasque op 38th"]
[Site "Benasque"]
[Date "2018.07.05"]
[Round "1"]
[White "Gopal, Geetha Narayanan"]
[Black "Gillis Onieva, Celia"]
[Result "1-0"]
[WhiteElo "2593"]
[BlackElo "1978"]
[PlyCount "71"]
[EventDate "2018.07.05"]
[EventType "swiss"]
[EventRounds "10"]
[EventCountry "ESP"]
[SourceTitle "CBM 185 Extra"]
[Source "ChessBase"]
[SourceDate "2018.07.29"]
[SourceVersion "1"]
[SourceVersionDate "2018.07.29"]
[SourceQuality "1"]

1. e4 e6 2. d4 d5 3. Nd2 Nf6 4. e5 Nfd7 5. Bd3 c5 6. c3 Nc6 7. Ngf3 cxd4 8. cxd4 Qb6 9. 0-0 Nxd4 10. Nxd4 Qxd4 11. Nf3 Qb6 12. a3 Be7 13. Be3 Qd8 14. Qc2 b6 15. Bxh7 Ba6 16. Bd3 Rc8 17. Qe2 Bxd3 18. Qxd3 Rh5 19. Bd4 Qc7 20. Qd2 f6 21. Rac1 Qb8 22. Rxc8+ Qxc8 23. Re1 Kf7 24. b4 Qb8 25. Qe2 f5 26. Rc1 g5 27. h3 g4 28. Nh2 Qh8 29. Rc7 gxh3 30. g4 fxg4 31. Rxd7 Qc8 32. Rxa7 Qc1+ 33. Nf1 h2+ 34. Kh1 Qf4 35. Qe3 Qf3+ 36. Qxf3+ 1-0

[Event "Gibraltar Masters 16th"]
[Site "Caleta"]
[Date "2018.02.01"]
[Round "10"]
[White "Gillis Onieva, Celia"]
[Black "Burke, Mitchell R"]
[Result "1/2-1/2"]
[WhiteElo "1848"]
[BlackElo "1989"]
[PlyCount "82"]
[EventDate "2018.01.23"]
[EventType "swiss"]
[EventRounds "10"]
[EventCountry "GGB"]
[SourceTitle "CBM 183"]
[Source "ChessBase"]
[SourceDate "2018.03.14"]
[SourceVersion "1"]
[SourceVersionDate "2018.03.14"]
[SourceQuality "1"]

1. d4 Nf6 2. c4 g6 3. Nc3 Bg7 4. e4 d6 5. Nf3 0-0 6. Be2 Nbd7 7. 0-0 e5 8. d5 a5 9. Ne1 Nc5 10. Qc2 Nfd7 11. Be3 f5 12. exf5 gxf5 13. f4 e4 14. Rd1 b6 15. b3 Nf6 16. Bd4 Bd7 17. a3 Qe8 18. b4 Nb7 19. Qd2 Qg6 20. Nc2 Nd8 21. c5 axb4 22. axb4 bxc5 23. bxc5 dxc5 24. Bxc5 Re8 25. Nb5 Rc8 26. Bd4 Nb7 27. Ne3 Nd6 28. Na7 Ra8 29. Rc1 Nc8 30. Rxc7 Nxa7 31. Bxa7 Rec8 32. Rfc1 Bh6 33. Nf1 Rd8 34. d6 Ne8 35. Bc4+ Kh8 36. Bc5 Bg7 37. Rb7 Be6 38. Bxe6 Qxe6 39. d7 Nf6 40. Rd1 Qc6 41. Qb4 Rxd7 1/2-1/2

[Event "Gibraltar Masters 16th"]
[Site "Caleta"]
[Date "2018.01.28"]
[Round "6"]
[White "Gillis Onieva, Celia"]
[Black "Hapala, Elisabeth"]
[Result "0-1"]
[WhiteElo "1848"]
[BlackElo "2097"]
[PlyCount "134"]
[EventDate "2018.01.23"]
[EventType "swiss"]
[EventRounds "10"]
[EventCountry "GGB"]
[SourceTitle "CBM 183"]
[Source "ChessBase"]
[SourceDate "2018.03.14"]
[SourceVersion "1"]
[SourceVersionDate "2018.03.14"]
[SourceQuality "1"]

1. d4 d5 2. c4 c6 3. cxd5 cxd5 4. Nc3 Nf6 5. Bf4 Nc6 6. e3 a6 7. Bd3 Bg4 8. Nge2 e6 9. 0-0 Bd6 10. f3 Bh5 11. Rc1 Bg6 12. Bxd6 Qxd6 13. Nf4 Bxd3 14. Nxd3 0-0 15. Na4 Nd7 16. Qd2 Rac8 17. Nac5 Nxc5 18. Nxc5 Rc7 19. Rc3 Na5 20. b3 Rfc8 21. Rfc1 g6 22. Nd3 h6 23. Rxc7 Rxc7 24. Rxc7 Qxc7 25. Nb4 Qc8 26. Qd3 b5 27. Qd2 Kg7 28. Nxd5 Nxb3 29. Qc3 Qxc3 30. Nxc3 b4 31. Ne2 Nd2 32. Kf2 a5 33. Nc1 Nc4 34. Ke2 Kf6 35. Kd3 Nb6 36. Nb3 a4 37. Nc5 Ke7 38. e4 Kd6 39. Na6 b3 40. axb3 axb3 41. Kc3 Nc4 42. Kxb3 Ne3 43. g3 Nf1 44. e5+ Ke7 45. f4 Nxh2 46. Nc5 f5 47. exf6+ Kxf6 48. Kc3 h5 49. Kd3 Nf1 50. g4 hxg4 51. Ke2 Ng3+ 52. Kf2 Nh5 53. Ke3 Kf5 54. Ne4 g3 55. Kf3 g2 56. Nd6+ Kf6 57. Ne4+ Ke7 58. Kxg2 Nxf4+ 59. Kf3 Nd5 60. Kg4 Nf6+ 61. Kf4 Nxe4 62. Kxe4 Kf6 63. d5 exd5+ 64. Kxd5 Kf5 65. Kd4 Kf4 66. Kd3 Kf3 67. Kd2 Kf2 0-1

[Event "Gibraltar Masters 16th"]
[Site "Caleta"]
[Date "2018.01.27"]
[Round "5"]
[White "Gillis Onieva, Celia"]
[Black "Plotkin, Victor"]
[Result "0-1"]
[WhiteElo "1848"]
[BlackElo "2242"]
[PlyCount "54"]
[EventDate "2018.01.23"]
[EventType "swiss"]
[EventRounds "10"]
[EventCountry "GGB"]
[SourceTitle "CBM 183"]
[Source "ChessBase"]
[SourceDate "2018.03.14"]
[SourceVersion "1"]
[SourceVersionDate "2018.03.14"]
[SourceQuality "1"]

1. Nf3 Nf6 2. c4 e6 3. g3 d5 4. Bg2 d4 5. 0-0 c5 6. e3 Nc6 7. exd4 cxd4 8. d3 Bd6 9. Na3 0-0 10. Rb1 e5 11. Bg5 a6 12. Nd2 h6 13. Bxf6 Qxf6 14. Ne4 Qe7 15. Nxd6 Qxd6 16. f4 Bf5 17. fxe5 Qg6 18. Rf4 Bxd3 19. Rc1 Nxe5 20. Rxd4 Qb6 21. Nc2 Rad8 22. Bd5 Rxd5 23. cxd5 Bxc2 24. Rxc2 Qxd4+ 25. Qxd4 Nf3+ 26. Kf2 Nxd4 27. Rc7 Rd8 0-1

[Event "Gibraltar Masters 16th"]
[Site "Caleta"]
[Date "2018.01.23"]
[Round "1"]
[White "Bakalchuk, Johnatan"]
[Black "Gillis Onieva, Celia"]
[Result "1-0"]
[WhiteElo "2400"]
[BlackElo "1848"]
[PlyCount "49"]
[EventDate "2018.01.23"]
[EventType "swiss"]
[EventRounds "10"]
[EventCountry "GGB"]
[SourceTitle "CBM 183"]
[Source "ChessBase"]
[SourceDate "2018.03.14"]
[SourceVersion "1"]
[SourceVersionDate "2018.03.14"]
[SourceQuality "1"]

1. d4 Nf6 2. Nc3 d5 3. Bf4 e6 4. Nb5 Na6 5. a3 c6 6. Nc3 Be7 7. e3 c5 8. Nf3 0-0 9. h3 Bd7 10. Be2 Rc8 11. 0-0 Nc7 12. Re1 Nce8 13. Ne5 Nd6 14. dxc5 Rxc5 15. Qd4 Nde4 16. Nxe4 Nxe4 17. c4 f6 18. Nxd7 Qxd7 19. cxd5 Qxd5 20. b4 Rc2 21. Qxa7 e5 22. Bh2 Rd8 23. Bf3 Qd2 24. Bxe4 Ra2 25. Bg3 1-0

[Event "EU-ch U16 Girls 27th"]
[Site "Mamaia"]
[Date "2017.09.09"]
[Round "5"]
[White "Gillis Onieva, Celia"]
[Black "Vozinaki, Anthi Maria"]
[Result "0-1"]
[WhiteElo "1866"]
[BlackElo "2040"]
[PlyCount "54"]
[EventDate "2017.09.05"]
[EventType "swiss"]
[EventRounds "9"]
[EventCountry "ROU"]
[SourceTitle "EXT 2018"]
[Source "ChessBase"]
[SourceDate "2017.10.13"]
[SourceVersion "1"]
[SourceVersionDate "2017.10.13"]
[SourceQuality "1"]

1. Nf3 c5 2. c4 Nf6 3. Nc3 d5 4. cxd5 Nxd5 5. g3 Nc6 6. Bg2 Nc7 7. 0-0 e5 8. a3 Rb8 9. d3 Be7 10. Rb1 0-0 11. b4 cxb4 12. axb4 Bxb4 13. Nxe5 Be6 14. Nxc6 bxc6 15. Ne4 Bd5 16. Be3 a5 17. Qa4 Nb5 18. Rbc1 Re8 19. Bc5 f5 20. Bxb4 axb4 21. Nc5 Nc3 22. Rxc3 bxc3 23. e4 fxe4 24. dxe4 Bf7 25. Rd1 Qe7 26. Nd7 Bb3 27. Qxc6 Rbc8 0-1

[Event "EU-ch U16 Girls 27th"]
[Site "Mamaia"]
[Date "2017.09.08"]
[Round "4"]
[White "Gillis Onieva, Celia"]
[Black "Sharku, Enesa"]
[Result "1-0"]
[WhiteElo "1866"]
[BlackElo "1174"]
[PlyCount "89"]
[EventDate "2017.09.05"]
[EventType "swiss"]
[EventRounds "9"]
[EventCountry "ROU"]
[SourceTitle "CBM 180 Extra"]
[Source "ChessBase"]
[SourceDate "2017.10.06"]
[SourceVersion "1"]
[SourceVersionDate "2017.10.06"]
[SourceQuality "1"]

1. Nf3 d5 2. c4 e6 3. d4 Nf6 4. g3 Nc6 5. Bg2 dxc4 6. 0-0 Bd6 7. Nbd2 0-0 8. Nxc4 h6 9. Nxd6 cxd6 10. Qb3 d5 11. Rd1 b6 12. Ne5 Bb7 13. Nxc6 Bxc6 14. Bf4 Rc8 15. a4 Qd7 16. Rdc1 b5 17. axb5 Bxb5 18. Bf1 a6 19. Qb4 Rc4 20. Rxc4 Bxc4 21. Ra5 Rc8 22. Rc5 Rxc5 23. dxc5 Qc6 24. Qb6 Qb5 25. Qxb5 Bxb5 26. b4 Nd7 27. Bd6 f5 28. f4 g5 29. Kf2 gxf4 30. gxf4 Kf7 31. Bg2 Kg6 32. Ke3 h5 33. Bf3 h4 34. h3 Kf7 35. Bh5+ Kg7 36. Be8 Nf6 37. Bxb5 axb5 38. Be7 Nd7 39. Bxh4 Kg6 40. Kd4 Kh5 41. c6 Nb6 42. Bd8 Nc8 43. Ke5 Kg6 44. Kxe6 Kg7 45. Kd7 1-0

[Event "Gibraltar U16 op"]
[Site "Caleta"]
[Date "2017.08.18"]
[Round "2"]
[White "Gillis Onieva, Celia"]
[Black "Yesudian, Rohan"]
[Result "1/2-1/2"]
[WhiteElo "2032"]
[BlackElo "1533"]
[PlyCount "92"]
[EventDate "2017.08.18"]
[EventType "swiss"]
[EventRounds "6"]
[EventCountry "GGB"]
[SourceTitle "CBM 180 Extra"]
[Source "ChessBase"]
[SourceDate "2017.10.06"]
[SourceVersion "1"]
[SourceVersionDate "2017.10.06"]
[SourceQuality "1"]

1. d4 Nf6 2. c4 g6 3. Nc3 Bg7 4. e4 d6 5. Nf3 0-0 6. Be2 e5 7. 0-0 Nc6 8. d5 Ne7 9. b4 a5 10. Ba3 axb4 11. Bxb4 b6 12. a4 Ne8 13. a5 bxa5 14. Bxa5 f5 15. Ng5 Nc6 16. dxc6 Qxg5 17. Nd5 fxe4 18. Bd2 Rxa1 19. Bxg5 Rxd1 20. Rxd1 Be6 21. Rb1 Bxd5 22. cxd5 Bf6 23. Bh6 Bg7 24. Bxg7 Kxg7 25. Bg4 Nf6 26. Be6 Ra8 27. Kf1 Ra5 28. Rb7 Nxd5 29. Bxd5 Rxd5 30. Rxc7+ Kf6 31. Rxh7 Rc5 32. c7 d5 33. Rd7 d4 34. Ke2 d3+ 35. Ke3 Ke6 36. Rd8 Rxc7 37. Kxe4 Rc2 38. Rxd3 Rxf2 39. Rg3 Rf4+ 40. Ke3 Kf5 41. Rf3 g5 42. g3 Rxf3+ 43. Kxf3 g4+ 44. Ke3 Kf6 45. Kd3 Kf5 46. Ke3 Kf6 1/2-1/2

[Event "Gibraltar Masters 15th"]
[Site "Caleta"]
[Date "2017.02.01"]
[Round "9"]
[White "Gillis Onieva, Celia"]
[Black "Heinemann, Josefine"]
[Result "1/2-1/2"]
[WhiteElo "1966"]
[BlackElo "2227"]
[PlyCount "112"]
[EventDate "2017.01.24"]
[EventType "swiss"]
[EventRounds "10"]
[EventCountry "GGB"]
[SourceTitle "CBM 177"]
[Source "ChessBase"]
[SourceDate "2017.03.16"]
[SourceVersion "1"]
[SourceVersionDate "2017.03.16"]
[SourceQuality "1"]

1. Nf3 Nf6 2. c4 c5 3. Nc3 d5 4. cxd5 Nxd5 5. g3 Nc6 6. Bg2 Nc7 7. 0-0 e5 8. d3 Be7 9. a4 0-0 10. b3 Be6 11. Ne4 f6 12. Bb2 Qd7 13. Ned2 Rfd8 14. Nc4 b6 15. Qc2 Rab8 16. Rfd1 Nd5 17. e3 Ndb4 18. Qe2 Bg4 19. Rd2 a6 20. Rad1 b5 21. axb5 axb5 22. Na3 Qe6 23. h3 Bxf3 24. Bxf3 Qxb3 25. Nc2 Nxc2 26. Rxc2 Nb4 27. Rcd2 Bf8 28. Ba1 Rb6 29. Be4 Rbd6 30. f4 exf4 31. gxf4 Qe6 32. Qh5 g6 33. Rg2 Bg7 34. Bxg6 hxg6 35. Qxg6 Qf7 36. Qf5 Rd5 37. Qg4 Nxd3 38. e4 R5d7 39. Rf1 c4 40. e5 f5 41. Qh4 Nc5 42. Kh2 Ne6 43. Rfg1 Rd2 44. Bc3 Rxg2+ 45. Rxg2 Rd3 46. Bb4 Rb3 47. Be7 c3 48. Bf6 Kf8 49. Bxg7+ Nxg7 50. Rxg7 Rb2+ 51. Rg2 Rxg2+ 52. Kxg2 Ke8 53. Qh8+ Qf8 54. Qh5+ Kd7 55. Qd1+ Kc6 56. Qf3+ Kb6 1/2-1/2

[Event "Gibraltar Masters 15th"]
[Site "Caleta"]
[Date "2017.01.31"]
[Round "8"]
[White "Villar Reymundo, Juan Antonio"]
[Black "Gillis Onieva, Celia"]
[Result "1/2-1/2"]
[WhiteElo "2212"]
[BlackElo "1966"]
[PlyCount "129"]
[EventDate "2017.01.24"]
[EventType "swiss"]
[EventRounds "10"]
[EventCountry "GGB"]
[SourceTitle "CBM 177"]
[Source "ChessBase"]
[SourceDate "2017.03.16"]
[SourceVersion "1"]
[SourceVersionDate "2017.03.16"]
[SourceQuality "1"]

1. d4 Nf6 2. c4 g6 3. Nc3 Bg7 4. e4 d6 5. f3 0-0 6. Bg5 c5 7. d5 e6 8. Qd2 exd5 9. cxd5 a6 10. a4 Re8 11. Nge2 Nbd7 12. Nc1 h6 13. Be3 h5 14. h3 Ne5 15. Be2 Rb8 16. 0-0 Nh7 17. Rb1 f5 18. b4 fxe4 19. Nxe4 cxb4 20. Qxb4 Bf5 21. Nd3 Bxe4 22. fxe4 Nxd3 23. Bxd3 Qe7 24. Ba7 Rbc8 25. e5 b5 26. Bf2 Qxe5 27. axb5 axb5 28. Bxg6 Rf8 29. Bxh7+ Kxh7 30. Qxb5 Rf5 31. Rbd1 Rcf8 32. Qd3 Kg8 33. Rfe1 Qc3 34. Bg3 Qxd3 35. Rxd3 Be5 36. Bxe5 dxe5 37. d6 Rd8 38. Rd5 h4 39. Re4 Rh5 40. d7 Rh7 41. Rexe5 Rhxd7 42. Rg5+ Kf8 43. Rxd7 Rxd7 44. Kf2 Rh7 45. Kf3 Ke7 46. Kg4 Kd6 47. Rh5 Rg7+ 48. Kxh4 Rxg2 49. Rf5 Ke6 50. Rf1 Rg8 51. Kh5 Rh8+ 52. Kg4 Rg8+ 53. Kh4 Ke7 54. Rf4 Rf8 55. Ra4 Kf7 56. Kg5 Kg8 57. Kg6 Rb8 58. Ra6 Kh8 59. h4 Rg8+ 60. Kh6 Rb8 61. h5 Rc8 62. Kg6 Rg8+ 63. Kf5 Rg1 64. Kf6 Kh7 65. Ra8 1/2-1/2

[Event "ESP-ch U16"]
[Site "Granada"]
[Date "2016.07.22"]
[Round "7"]
[White "Ros Alonso, Jaume"]
[Black "Gillis Onieva, Celia"]
[Result "1/2-1/2"]
[WhiteElo "2109"]
[BlackElo "1912"]
[PlyCount "72"]
[EventDate "2016.07.18"]
[EventType "swiss"]
[EventRounds "9"]
[EventCountry "ESP"]
[SourceTitle "EXT 2024"]
[Source "ChessBase"]
[SourceDate "2023.10.10"]
[SourceVersion "1"]
[SourceVersionDate "2023.10.10"]
[SourceQuality "1"]

1. e4 c5 2. Nf3 Nc6 3. d4 cxd4 4. Nxd4 Nf6 5. Nc3 e5 6. Ndb5 d6 7. Bg5 a6 8. Na3 b5 9. Bxf6 gxf6 10. Nd5 Bg7 11. Bd3 Ne7 12. Nxe7 Qxe7 13. 0-0 0-0 14. c3 f5 15. exf5 e4 16. Re1 Bxf5 17. Bf1 Rfd8 18. Nc2 Rac8 19. a4 Qb7 20. Nd4 Bd7 21. Qe2 bxa4 22. Qxe4 Qxb2 23. Bxa6 Ra8 24. Bd3 Qxc3 25. Qxh7+ Kf8 26. Nf5 Bxf5 27. Qxf5 Qxa1 28. Rxa1 Bxa1 29. Bc4 Ra7 30. Qg5 Rc8 31. Qh6+ Kg8 32. Qxd6 Rb7 33. g3 Rxc4 34. Qd8+ Kg7 35. Qg5+ Kf8 36. Qd8+ Kg7 1/2-1/2

[Event "ESP-ch U16"]
[Site "Granada"]
[Date "2016.07.20"]
[Round "4"]
[White "Gillis Onieva, Celia"]
[Black "Motos Abellan, Daniel"]
[Result "1/2-1/2"]
[WhiteElo "1912"]
[BlackElo "2130"]
[PlyCount "96"]
[EventDate "2016.07.18"]
[EventType "swiss"]
[EventRounds "9"]
[EventCountry "ESP"]
[SourceTitle "EXT 2024"]
[Source "ChessBase"]
[SourceDate "2023.10.10"]
[SourceVersion "1"]
[SourceVersionDate "2023.10.10"]
[SourceQuality "1"]

1. d4 b6 2. Nf3 e6 3. c4 Bb7 4. e3 Bb4+ 5. Bd2 a5 6. Bd3 f5 7. b3 Nf6 8. a3 Bxd2+ 9. Nbxd2 Qe7 10. Qc2 g5 11. 0-0 g4 12. Ne1 d6 13. d5 f4 14. dxe6 fxe3 15. fxe3 Qxe6 16. Qc3 Nbd7 17. Nc2 0-0 18. Rae1 c5 19. e4 Ne5 20. Ne3 Nxd3 21. Qxd3 Nxe4 22. Rxf8+ Rxf8 23. Nd5 Bxd5 24. cxd5 Nf2 25. Qxh7+ Kxh7 26. Rxe6 Nd3 27. Rxd6 Rf2 28. Nc4 b5 29. Nxa5 Ra2 30. Rf6 Kg7 31. Rf1 Rxa3 32. Nc6 Ra6 33. Rd1 c4 34. bxc4 bxc4 35. Kf1 Kf6 36. Ke2 Nf4+ 37. Ke3 Nxd5+ 38. Rxd5 Rxc6 39. Rd2 Ke5 40. h3 gxh3 41. gxh3 Ra6 42. Rd8 Ra3+ 43. Kd2 Rxh3 44. Kc2 Rh4 45. Kc3 Ke6 46. Rd4 Rxd4 47. Kxd4 c3 48. Kxc3 Kd5 1/2-1/2